Giáo trình phân loại học thực vật

Giới thiệu tổng quan về phân loại học thực vật. Các kiến thức cơ bản về nhóm sinh vật chưa có nhân thật, phân giới thực vật bậc thấp, thực vật bậc cao, các phân lớp của lớp mộc lan và lớp hành...

ver descrição completa

Na minha lista:
Detalhes bibliográficos
Autor principal: Phạm, Văn Ngọt
Formato: Livro
Idioma:Undetermined
Publicado em: Thành phố Hồ Chí Minh Nxb. Đại học Sư phạm Thành phố Hồ Chí Minh 2016
Assuntos:
Tags: Adicionar Tag
Sem tags, seja o primeiro a adicionar uma tag!
Thư viện lưu trữ: Trung tâm Học liệu Trường Đại học Cần Thơ
LEADER 01110nam a2200229Ia 4500
001 CTU_238465
008 210402s9999 xx 000 0 und d
082 |a 581.012 
082 |b Ng435 
100 |a Phạm, Văn Ngọt 
245 0 |a Giáo trình phân loại học thực vật 
245 0 |c Phạm Văn Ngọt (Chủ biên), Nguyễn Thị Thanh Tâm, Quách Văn Toàn Em 
260 |a Thành phố Hồ Chí Minh 
260 |b Nxb. Đại học Sư phạm Thành phố Hồ Chí Minh 
260 |c 2016 
520 |a Giới thiệu tổng quan về phân loại học thực vật. Các kiến thức cơ bản về nhóm sinh vật chưa có nhân thật, phân giới thực vật bậc thấp, thực vật bậc cao, các phân lớp của lớp mộc lan và lớp hành 
526 |a Phân loại thực vật A 
526 |b SP168 
650 |a Thực vật học,Botany 
650 |x Phân loại,Classification 
910 |b nthai 
980 |a Trung tâm Học liệu Trường Đại học Cần Thơ